Kürt dosyası (Kayıt no. 4476)

MARC ayrıntıları
000 -BAŞLIK
Sabit Uzunlukta Kontrol Alanı 00896na a2200325 4500
001 - KONTROL NUMARASI
Denetim Alanı 13053
003 - KONTROL NUMARASI IDENTIFIER
Denetim Alanı MIRAKIL
005 - SON İŞLEM TARİHİ VE ZAMANI
Denetim Alanı 20181213155007.0
008 - SABİT-BOY VERİ ELEMANLARI - GENEL BİLGİLER
Sabit Uzunlukta Kontrol Alanı 160930b tu 000 0
020 ## - ULUSLARARASI STANDART KİTAP NUMARASI
Uluslararası Standart Kitap Numarası 9754063001
035 ## - SİSTEM KONTROL NUMARASI
Sistem Kontrol Numarası 13053
040 ## - KATALOGLAMA KAYNAK
Orijinal Kataloglama Ajansı Milas
Kataloglama Dili tur
Metne Dönüştürmek Ajansı TR-AnCHP
041 ## - DİL KODU
Metin / Ses Parça Veya Ayrı Başlığın Dil Kodu tur
082 ## - DEWEY ONLU SINIFLANDIRMA NUMARASI
Sınıflandırma Numarası 322.42
Ürün Numarası B24k 1992
090 ## - SINIFLAMA NUMARASI
Sınıflama Numarası 322.42 B24k 1992
100 ## - ANA GİRİŞ - KİŞİSEL İSİM
Kişisel Ad Ballı, Rafet
245 ## - BAŞLIK TABLOSU
Başlık Kürt dosyası
Sorumluluk Tablosu, Vb Rafet Ballı
250 ## - EDITION TABLOSU
Baskı Beyanı Gnşl. 3. bs.
260 ## - YAYIN, DAĞITIM, VB
Yayın, Dağıtım, Vb Yeri İstanbul
Yayıncı, Dağıtıcı, Vs Adı Cem
Yayın, Dağıtım, Vb Tarihi 1992
300 ## - FİZİKSEL TANIM
Kapsam 608 s.
Diğer Fiziksel Ayrıntıları fotğ.
Boyutlar 20 sm.
490 ## - SERİSİ TABLOSU
Seri Beyanı Kültür dizisi
650 ## - KONU KATMA GİRİŞ - TOPİKAL DÖNEM
Topikal Süreli Veya Coğrafi Ad Giriş Elemanı Kürtler
Genel Alt Bölümü Siyaset ve yönetim
Kronolojik Alt Bölümü Tarih
650 ## - KONU KATMA GİRİŞ - TOPİKAL DÖNEM
Topikal Süreli Veya Coğrafi Ad Giriş Elemanı Siyasal eylem grupları
Genel Alt Bölümü Kürtler
650 ## - KONU KATMA GİRİŞ - TOPİKAL DÖNEM
Topikal Süreli Veya Coğrafi Ad Giriş Elemanı Kürt liderler
Genel Alt Bölümü Siyaset ve yönetim
Kronolojik Alt Bölümü Röportajlar
650 ## - KONU KATMA GİRİŞ - TOPİKAL DÖNEM
Topikal Süreli Veya Coğrafi Ad Giriş Elemanı Kürt sorunu
651 ## - KONU KATMA GİRİŞ - COĞRAFİ ADI
Coğrafi İsim Türkiye
Genel Alt Bölümü Kürt sorunu
Kronolojik Alt Bölümü Siyaset ve yönetim
942 ## - EKLENDİ GİRİŞ ELEMANLARI (KOHA)
Sınıflandırma Veya Raf Düzeni Kaynak Dewey Decimal Classification
Koha Öğesi Türü Kitaplar
999 ## - SİSTEM KONTROL NUMARALARI (KOHA)
Koha Biblionumber 4476
Koha Biblioitemnumber 4476
657 ## - INDEX SÜRE - İŞLEVİ
-- Kürt sorunu
657 ## - INDEX SÜRE - İŞLEVİ
-- Kürtler
Mevcut
Kalıcı Konum Mevcut Konum Edinme Tarihi Edinim Kaynak Toplam Check-Out'Lar Tam Çağrı Numarası Barkod Tarih Son Görülme İtibaren Geçerli Fiyatlar Koha Öğesi Türü
CHP Kütüphanesi CHP Kütüphanesi 08/04/2016 Bağış   322.42 B24k 1992 000625 08/04/2016 08/04/2016 Kitaplar